| 000 | 00701cam a22002653a 4500 | ||
|---|---|---|---|
| 001 | 27492 | ||
| 003 | PGUSA | ||
| 005 | 20140828083608.0 | ||
| 008 | 081211s2008||||xxu|||||s|||||000 1 eng d | ||
| 040 |
_aPGUSA _beng |
||
| 042 | _adc | ||
| 050 | 4 | _aPS | |
| 100 | 1 | _aWesley, Joseph | |
| 245 | 1 | 0 |
_aUpstarts _h[electronic resource] / _cJoseph Wesley |
| 260 |
_bProject Gutenberg, _c2008 |
||
| 506 | _aPublic domain in the USA. | ||
| 516 | _aElectronic text | ||
| 653 | _aShort stories | ||
| 653 | _aScience fiction | ||
| 700 | 1 |
_aDillon, Diane, _d1933- |
|
| 700 | 1 |
_aDillon, Leo, _d1933- |
|
| 830 | 0 |
_aProject Gutenberg _v27492 |
|
| 856 | 4 | 0 | _uhttp://www.gutenberg.org/ebooks/27492 |
| 942 | _cEB | ||
| 999 |
_c256747 _d256747 |
||